Los jesuitas en Cuba hasta 1767 /

Guardat en:
Dades bibliogràfiques
Autor principal: Pruna Goodcall, Pedro M.
Format: Desconegut
Idioma:Spanish
Publicat: La Habana, Cuba : Editorial de Ciencias Sociales, 1991.
Matèries:
Etiquetes: Afegir etiqueta
Sense etiquetes, Sigues el primer a etiquetar aquest registre!

MARC

LEADER 000000000a22000000004500
001 001740
041 0 |a spa 
082 0 4 |a 271.53   |b P972j 
100 1 |a Pruna Goodcall, Pedro M. 
245 1 4 |a Los jesuitas en Cuba hasta 1767 /   |c Pedro M. Pruna Goodcall. 
260 1 |a La Habana, Cuba :   |b Editorial de Ciencias Sociales,   |c 1991. 
300 |a 96 páginas 
500 |a Historia de Cuba 
650 4 |a HISTORIA 
650 4 |a CUBA 
650 4 |a IGLESIA CATOLICA EN CUBA 
650 4 |a VIDA INTELECTUAL 
999 |c 8418  |d 8418 
942 |c BK  |h 271.53 P972j  |2 z